01471 2200493 4500001002100000005001500021035002000036008004100056245002200097100001500119250000600134260003100140300002900171020002200200084001400222520042300236082000800659650001000667990001200677990001200689990001200701990001200713990001200725990001200737990001200749990001200761990001200773990001200785990001200797990001200809990001200821990001200833990001200845990001200857990001200869990001200881990001200893990001200905990001200917990001200929990001200941990001200953990001200965INLIS00000000000013920240711092056 a0010-0424000115240711 1 ind 1 aBumi /cTere Liye aLiye, Tere a1 aJakarta :bGramedia,c2014 a440 hlm ;c14 cm x 21 cm a978-602-030-112-9 a813 TER b aNamaku Raib, usiaku 15 tahun, kelas sepuluh. Aku anak perempuan seperti kalian, adik-adik kalian, tetangga kalian. Aku punya dua kucing, namanya si Putih dan si Hitam. Mama dan papaku menyenangkan. Guru-guru di sekolahku seru. Teman-temanku baik dan kompak. Aku sama seperti remaja kebanyakan, kecuali satu hal. Sesuatu yang kusimpan sendiri sejak kecil. Sesuatu yang menakjubkan. Namaku Raib. Dan aku bisa menghilang. a813 4aFiksi a0732690 a0732679 a0732680 a0732681 a0732682 a0732683 a0732684 a0732685 a0732686 a0732687 a0732688 a0732689 a0732691 a0732692 a0732693 a0732694 a0732695 a0732696 a0732697 a0732698 a0732699 a0732700 a0732701 a0732702 a0732703